00243nam a2200097Ia 4500008004100000100002100041245002400062260003300086300000800119650001800127191201s2004 xx 000 0 und d aBHARTIY, Kamlesh 0aSo Window Ki Gudiya aN. DelhibAbhishek Pubc2004 a120 aGeneral Books